| 000 | 02108cam a22002775a 4500 | ||
|---|---|---|---|
| 001 | L146308 | ||
| 002 | 17575 | ||
| 008 | 090107s2009 xxk ab f 001 0 eng d | ||
| 020 | _a9781842194171 | ||
| 035 | _a(Sirsi) u146308 | ||
| 041 | 0 | _aeng | |
| 050 | 0 | 4 | _a690.2 $2 18 |
| 110 | 2 |
_aWatts Group Plc _95510 |
|
| 245 | 0 | 0 |
_aWatts European handbook 2009 _bthe essential guide to European property and construction |
| 260 |
_aCoventry _bRICS Books _c2009 |
||
| 300 |
_aviii, 400 p. _bill. _c18 cm. |
||
| 350 | _a34.95 | ||
| 505 | 2 | _aEurope and the EU -- General information: materials and defects; environment; sustainability; design; health and safety; services -- France: development controls; the property market; regional construction problems; development process; legislation -- Germany: development controls; the property market; regional construction problems; development process; legislation -- Ireland: development controls; the property market; regional construction problems; development process; legislation -- Netherlands: development controls; the property market; regional construction problems; development process; legislation -- Spain: development controls; the property market; regional construction problems; development process; legislation -- United Kingdom: development controls; the property market; regional construction problems; development process; legislation -- Other European countries: Baltic states; Eastern Europe; Scandinavia -- Technical resources -- Index -- Watts Group directory | |
| 520 | _aProvides legal and technical information on the property and construction industries across Europe, including property markets, planning and development, and relevant legislation. Includes information on issues affecting France, Germany, Ireland, the Netherlands, Spain and the UK. Contains overviews on the property and construction industries in the Baltic states, Eastern Europe and Scandinavia. | ||
| 521 | _aAdvanced | ||
| 590 | _aKA | ||
| 651 | 4 | _aEurope | |
| 690 | _aPROPERTY-PROPERTY MARKET | ||
| 690 | _aBUILT ENVIRONMENT-CONSTRUCTION MARKET | ||
| 942 | _n0 | ||
| 999 |
_c109107 _d109107 |
||